Thermal-fluid sciences : (Record no. 2470)

MARC details
000 -LEADER
fixed length control field 01438nac a2200373 i 4500
003 - CONTROL NUMBER IDENTIFIER
control field EG-ScBUE
005 - DATE AND TIME OF LATEST TRANSACTION
control field 20250616135220.0
008 - FIXED-LENGTH DATA ELEMENTS--GENERAL INFORMATION
fixed length control field 090525s2006 enka f b 001 0 eng d
020 ## - INTERNATIONAL STANDARD BOOK NUMBER
International Standard Book Number 0521850436
020 ## - INTERNATIONAL STANDARD BOOK NUMBER
International Standard Book Number 9780521850438
035 ## - SYSTEM CONTROL NUMBER
System control number (OCoLC)ocm61500018
040 ## - CATALOGING SOURCE
Original cataloging agency EG-ScBUE
Language of cataloging eng
Description conventions rda
Transcribing agency EG-ScBUE
Modifying agency EG-ScBUE
082 04 - DEWEY DECIMAL CLASSIFICATION NUMBER
Classification number 536.7
Item number TUR
Edition number 22
100 1# - MAIN ENTRY--PERSONAL NAME
Personal name Turns, Stephen R.,
Relator term author.
9 (RLIN) 5205
245 10 - TITLE STATEMENT
Title Thermal-fluid sciences :
Remainder of title An integrated approach /
Statement of responsibility, etc Stephen R. Turns, The Pennsylvania State University.
264 #1 - PUBLICATION, DISTRIBUTION, ETC. (IMPRINT)
Place of publication, distribution, etc Cambridge ;
-- New York :
Name of publisher, distributor, etc Cambridge University Press,
Date of publication, distribution, etc 2006.
300 ## - PHYSICAL DESCRIPTION
Extent xl, 1176 pages :
Other physical details illustrations (chiefly color) ;
Dimensions 29 cm +
Accompanying material 1 CD
336 ## - CONTENT TYPE
Source rdacontent
Content type term text
Content type code txt
336 ## - CONTENT TYPE
Source rdacontent
Content type term sounds
Content type code snd
337 ## - MEDIA TYPE
Media type term unmediated
Source rdamedia
Media type code n
337 ## - MEDIA TYPE
Media type term rdamedia
Source audio
Media type code s
338 ## - CARRIER TYPE
Carrier type term volume
Carrier type code nc
Source rdacarrier
338 ## - CARRIER TYPE
Carrier type term computer disc
Carrier type code cd
Source rdacarrier
504 ## - BIBLIOGRAPHY, ETC. NOTE
Bibliography, etc Includes bibliographical references and index.<br/>
590 ## - LOCAL NOTE (RLIN)
Local note catalogued by : Mostafa El-Helaly
650 #7 - SUBJECT ADDED ENTRY--TOPICAL TERM
Topical term or geographic name as entry element Thermodynamics.
9 (RLIN) 5206
Source of heading or term BUEsh
650 #7 - SUBJECT ADDED ENTRY--TOPICAL TERM
Topical term or geographic name as entry element Heat
General subdivision Transmission.
9 (RLIN) 5208
Source of heading or term BUEsh
650 #7 - SUBJECT ADDED ENTRY--TOPICAL TERM
9 (RLIN) 5207
Topical term or geographic name as entry element Gas flow
Source of heading or term BUEsh
651 ## - SUBJECT ADDED ENTRY--GEOGRAPHIC NAME
Source of heading or term BUEsh
655 ## - INDEX TERM--GENRE/FORM
Form subdivision Reading book
856 41 - ELECTRONIC LOCATION AND ACCESS
Materials specified Table of contents only
Uniform Resource Identifier <a href="http://www.loc.gov/catdir/toc/ecip0519/2005026545.html">http://www.loc.gov/catdir/toc/ecip0519/2005026545.html</a>
856 41 - ELECTRONIC LOCATION AND ACCESS
Materials specified Publisher description
Uniform Resource Identifier <a href="http://www.loc.gov/catdir/enhancements/fy0642/2005026545-d.html">http://www.loc.gov/catdir/enhancements/fy0642/2005026545-d.html</a>
942 ## - ADDED ENTRY ELEMENTS (KOHA)
Koha item type NB - Book (Non borrowing)
Source of classification or shelving scheme Dewey Decimal Classification
Holdings
Withdrawn status Lost status Damaged status Not for loan Home library Current library Shelving location Date acquired Source of acquisition Total Checkouts Full call number Barcode Date last seen Date checked out Price effective from Koha item type Source of classification or shelving scheme Collection code Cost, normal purchase price Serial Enumeration / chronology
        Central Library Central Library First floor 21/02/2007 Purchase 1 536.7 TUR 000001718 15/07/2025 25/05/2013 21/02/2007 NB - Book (Non borrowing)        
        Central Library Central Library First floor 25/05/2009     536.7 TUR 000016435 15/07/2025     Book - Borrowing Dewey Decimal Classification Alahram 297.50 353
        Central Library Central Library First floor 25/05/2009     536.7 TUR 000016436 15/07/2025     Book - Borrowing Dewey Decimal Classification Alahram 397.50 353
        Central Library Central Library First floor 25/05/2009     536.7 TUR 000016437 24/08/2022     CD | DVD - With book Dewey Decimal Classification Alahram   353
        Central Library Central Library First floor 25/05/2009     536.7 TUR 000016438 24/08/2022     CD | DVD - With book Dewey Decimal Classification Alahram   353